| 000 | 00963cam a22002175a 4500 | ||
|---|---|---|---|
| 001 | L158100 | ||
| 008 | 140605s2014 xxk f 000 0 eng d | ||
| 035 | _a(Sirsi) u158100 | ||
| 041 | 0 | _aeng | |
| 110 | 2 |
_aGreater London Authority _95818 |
|
| 245 | 0 | 0 |
_aLondon rental standard _h[electronic resource] |
| 260 |
_aLondon _cGreater London Authority _b2014 |
||
| 510 | 4 | _aOutlines details of the London Rental Standard scheme endorsed by the Mayor of London and explains how landlords and agents can apply for accrediation. Advises tenants on how to check to see if landlords and agents are accredited. | |
| 590 | _aKA | ||
| 651 | 4 | _aLondon | |
| 690 |
_aResidential property _96266 |
||
| 710 | 1 |
_aLondon _bGreater London Authority _bMayor of London _94869 |
|
| 710 | 1 |
_aLondon Assembly _95949 |
|
| 856 | 4 | 0 |
_uhttps://www.london.gov.uk/priorities/housing-land/renting-home/london-rental-standard _zView the item free of charge from www.london.gov.uk. |
| 942 | _n0 | ||
| 999 |
_c115141 _d115141 |
||